<?xml version="1.0" encoding="UTF-8"?>
<record
    xmlns:xsi="http://www.w3.org/2001/XMLSchema-instance"
    xsi:schemaLocation="http://www.loc.gov/MARC21/slim http://www.loc.gov/standards/marcxml/schema/MARC21slim.xsd"
    xmlns="http://www.loc.gov/MARC21/slim">

  <leader>00516    a2200169   4500</leader>
  <datafield tag="999" ind1=" " ind2=" ">
    <subfield code="c">52</subfield>
    <subfield code="d">52</subfield>
  </datafield>
  <controlfield tag="008">210413b           ||||| |||| 00| 0 eng d</controlfield>
  <datafield tag="020" ind1=" " ind2=" ">
    <subfield code="a">9789353160500</subfield>
  </datafield>
  <datafield tag="082" ind1="0" ind2="0">
    <subfield code="a">658.5</subfield>
    <subfield code="b">R2151</subfield>
  </datafield>
  <datafield tag="100" ind1=" " ind2=" ">
    <subfield code="a">Rao, P. N.</subfield>
  </datafield>
  <datafield tag="245" ind1=" " ind2=" ">
    <subfield code="a">Manufacturing technology, Vol-1 /</subfield>
  </datafield>
  <datafield tag="250" ind1=" " ind2=" ">
    <subfield code="a">5th ed.</subfield>
  </datafield>
  <datafield tag="260" ind1=" " ind2=" ">
    <subfield code="a">New Delhi:</subfield>
    <subfield code="b">McGraw Hill Education (India) Pvt. Ltd.,</subfield>
    <subfield code="c">2019.</subfield>
  </datafield>
  <datafield tag="300" ind1=" " ind2=" ">
    <subfield code="a">xxiii, I.4 p.</subfield>
  </datafield>
  <datafield tag="505" ind1="0" ind2=" ">
    <subfield code="a">Foundry, Forming and Welding</subfield>
  </datafield>
  <datafield tag="650" ind1=" " ind2="0">
    <subfield code="a">Manufacturing Technology</subfield>
    <subfield code="x">Manufacturing Process</subfield>
  </datafield>
  <datafield tag="942" ind1=" " ind2=" ">
    <subfield code="2">ddc</subfield>
    <subfield code="c">BK</subfield>
  </datafield>
  <datafield tag="952" ind1=" " ind2=" ">
    <subfield code="0">0</subfield>
    <subfield code="1">0</subfield>
    <subfield code="2">ddc</subfield>
    <subfield code="4">0</subfield>
    <subfield code="6">658_500000000000000_R2151</subfield>
    <subfield code="7">0</subfield>
    <subfield code="9">164</subfield>
    <subfield code="a">CL</subfield>
    <subfield code="b">CL</subfield>
    <subfield code="d">2019-09-05</subfield>
    <subfield code="e">Katha-O-Kahini</subfield>
    <subfield code="g">431.18</subfield>
    <subfield code="o">658.5 R2151</subfield>
    <subfield code="p">13593</subfield>
    <subfield code="r">2019-09-05</subfield>
    <subfield code="v">625.00</subfield>
    <subfield code="y">BK</subfield>
  </datafield>
  <datafield tag="952" ind1=" " ind2=" ">
    <subfield code="0">0</subfield>
    <subfield code="1">0</subfield>
    <subfield code="2">ddc</subfield>
    <subfield code="4">0</subfield>
    <subfield code="6">658_500000000000000_R2151</subfield>
    <subfield code="7">0</subfield>
    <subfield code="9">165</subfield>
    <subfield code="a">CL</subfield>
    <subfield code="b">CL</subfield>
    <subfield code="d">2019-09-05</subfield>
    <subfield code="e">Katha-O-Kahini</subfield>
    <subfield code="g">431.18</subfield>
    <subfield code="o">658.5 R2151</subfield>
    <subfield code="p">13594</subfield>
    <subfield code="r">2019-09-05</subfield>
    <subfield code="v">625.00</subfield>
    <subfield code="y">BK</subfield>
  </datafield>
  <datafield tag="952" ind1=" " ind2=" ">
    <subfield code="0">0</subfield>
    <subfield code="1">0</subfield>
    <subfield code="2">ddc</subfield>
    <subfield code="4">0</subfield>
    <subfield code="6">658_500000000000000_R2151</subfield>
    <subfield code="7">0</subfield>
    <subfield code="9">166</subfield>
    <subfield code="a">CL</subfield>
    <subfield code="b">CL</subfield>
    <subfield code="d">2019-09-05</subfield>
    <subfield code="e">Katha-O-Kahini</subfield>
    <subfield code="g">431.18</subfield>
    <subfield code="o">658.5 R2151</subfield>
    <subfield code="p">13595</subfield>
    <subfield code="r">2019-09-05</subfield>
    <subfield code="v">625.00</subfield>
    <subfield code="y">BK</subfield>
  </datafield>
  <datafield tag="952" ind1=" " ind2=" ">
    <subfield code="0">0</subfield>
    <subfield code="1">0</subfield>
    <subfield code="2">ddc</subfield>
    <subfield code="4">0</subfield>
    <subfield code="6">658_500000000000000_R2151</subfield>
    <subfield code="7">0</subfield>
    <subfield code="9">167</subfield>
    <subfield code="a">CL</subfield>
    <subfield code="b">CL</subfield>
    <subfield code="d">2019-09-05</subfield>
    <subfield code="e">Katha-O-Kahini</subfield>
    <subfield code="g">431.18</subfield>
    <subfield code="o">658.5 R2151</subfield>
    <subfield code="p">13596</subfield>
    <subfield code="r">2019-09-05</subfield>
    <subfield code="v">625.00</subfield>
    <subfield code="y">BK</subfield>
  </datafield>
  <datafield tag="952" ind1=" " ind2=" ">
    <subfield code="0">0</subfield>
    <subfield code="1">0</subfield>
    <subfield code="2">ddc</subfield>
    <subfield code="4">0</subfield>
    <subfield code="6">658_500000000000000_R2151</subfield>
    <subfield code="7">0</subfield>
    <subfield code="9">168</subfield>
    <subfield code="a">CL</subfield>
    <subfield code="b">CL</subfield>
    <subfield code="d">2019-09-05</subfield>
    <subfield code="e">Katha-O-Kahini</subfield>
    <subfield code="g">431.18</subfield>
    <subfield code="o">658.5 R2151</subfield>
    <subfield code="p">13597</subfield>
    <subfield code="r">2019-09-05</subfield>
    <subfield code="v">625.00</subfield>
    <subfield code="y">BK</subfield>
  </datafield>
  <datafield tag="952" ind1=" " ind2=" ">
    <subfield code="0">0</subfield>
    <subfield code="1">0</subfield>
    <subfield code="2">ddc</subfield>
    <subfield code="4">0</subfield>
    <subfield code="6">658_500000000000000_R2151</subfield>
    <subfield code="7">0</subfield>
    <subfield code="9">169</subfield>
    <subfield code="a">CL</subfield>
    <subfield code="b">CL</subfield>
    <subfield code="d">2019-09-05</subfield>
    <subfield code="e">Katha-O-Kahini</subfield>
    <subfield code="g">431.18</subfield>
    <subfield code="o">658.5 R2151</subfield>
    <subfield code="p">13598</subfield>
    <subfield code="r">2019-09-05</subfield>
    <subfield code="v">625.00</subfield>
    <subfield code="y">BK</subfield>
  </datafield>
  <datafield tag="952" ind1=" " ind2=" ">
    <subfield code="0">0</subfield>
    <subfield code="1">0</subfield>
    <subfield code="2">ddc</subfield>
    <subfield code="4">0</subfield>
    <subfield code="6">658_500000000000000_R2151</subfield>
    <subfield code="7">0</subfield>
    <subfield code="9">170</subfield>
    <subfield code="a">CL</subfield>
    <subfield code="b">CL</subfield>
    <subfield code="d">2019-09-05</subfield>
    <subfield code="e">Katha-O-Kahini</subfield>
    <subfield code="g">431.18</subfield>
    <subfield code="o">658.5 R2151</subfield>
    <subfield code="p">13599</subfield>
    <subfield code="r">2019-09-05</subfield>
    <subfield code="v">625.00</subfield>
    <subfield code="y">BK</subfield>
  </datafield>
  <datafield tag="952" ind1=" " ind2=" ">
    <subfield code="0">0</subfield>
    <subfield code="1">0</subfield>
    <subfield code="2">ddc</subfield>
    <subfield code="4">0</subfield>
    <subfield code="6">658_500000000000000_R2151</subfield>
    <subfield code="7">0</subfield>
    <subfield code="9">171</subfield>
    <subfield code="a">CL</subfield>
    <subfield code="b">CL</subfield>
    <subfield code="d">2019-09-05</subfield>
    <subfield code="e">Katha-O-Kahini</subfield>
    <subfield code="g">431.18</subfield>
    <subfield code="l">1</subfield>
    <subfield code="m">1</subfield>
    <subfield code="o">658.5 R2151</subfield>
    <subfield code="p">13600</subfield>
    <subfield code="q">2025-07-24</subfield>
    <subfield code="r">2025-01-10</subfield>
    <subfield code="s">2025-01-10</subfield>
    <subfield code="v">625.00</subfield>
    <subfield code="y">BK</subfield>
  </datafield>
</record>
